Automation in electrical power system / (Record no. 127072)

MARC details
000 -LEADER
fixed length control field 00738nam a22002417a 4500
005 - DATE AND TIME OF LATEST TRANSACTION
control field 20170124110019.0
010 ## - LIBRARY OF CONGRESS CONTROL NUMBER
LC control number 854193
020 ## - INTERNATIONAL STANDARD BOOK NUMBER
Terms of availability 00.00
035 ## - SYSTEM CONTROL NUMBER
System control number 854193
037 ## - SOURCE OF ACQUISITION
Source of stock number/acquisition Cen Lib/Ret
040 ## - CATALOGING SOURCE
Original cataloging agency DPL
Language of cataloging EN
082 ## - DEWEY DECIMAL CLASSIFICATION NUMBER
Classification number 601.3
Item number BAR
100 ## - MAIN ENTRY--PERSONAL NAME
Personal name Barzam, A.
9 (RLIN) 19320
245 ## - TITLE STATEMENT
Title Automation in electrical power system /
Statement of responsibility, etc by A.Barzam;translated by P.I.Zabolotny
260 ## - PUBLICATION, DISTRIBUTION, ETC. (IMPRINT)
Place of publication, distribution, etc Moscow
Name of publisher, distributor, etc Mir publishers
Date of publication, distribution, etc 1973
270 ## - ADDRESS
Address Moscow
City Moscow
300 ## - PHYSICAL DESCRIPTION
Extent 430p. :
Dimensions 19cm(Hb)
Other physical details ill.
500 ## - GENERAL NOTE
General note Includes bibliographical reference and index
650 ## - SUBJECT ADDED ENTRY--TOPICAL TERM
Topical term or geographic name as entry element Automatic control
9 (RLIN) 19321
650 ## - SUBJECT ADDED ENTRY--TOPICAL TERM
Topical term or geographic name as entry element Electric power systems--Automation
9 (RLIN) 19322
700 ## - ADDED ENTRY--PERSONAL NAME
Personal name Zabolotny, P.I.
9 (RLIN) 19312
942 ## - ADDED ENTRY ELEMENTS (KOHA)
Source of classification or shelving scheme Dewey Decimal Classification
Koha item type English Books
Classification part 601.3
Call number suffix BAR
Holdings
Withdrawn status Lost status Damaged status Not for loan Home library Current library Date acquired Source of acquisition Cost, normal purchase price Total Checkouts Full call number Barcode Date last seen Copy number Cost, replacement price Price effective from Koha item type Public note
Written off       Central Library Central Library 27/06/2015 Cen Lib/Ret 0.00   601.3 BAR 854193 27/06/2015 1 0.00 27/06/2015 English Books Written off on approval by DLB (By Circulation); dtd 15-06-2023

© Delhi Public Library
Hit Counter
free hit counter